000 00655nam a2200241Ia 4500
003 OSt
005 20220925230256.0
006 a|||||r|||| 00| 0
007 ta
008 220923b |||||||| |||| 00| 0 eng d
020 _a0 7231 0143 4
037 _cGeneral Book
040 _aRTL
_cRTL
_beng
041 _2eng
_aeng
082 _aU21, K9
100 _aRobinson Harry
_992508
245 0 _aMorphology and landscape
260 _aLondon
_bUniversity Tutorial Press UK
_c1969
300 _aviii,392p. Bib p. 380-85
_ccm.
650 _aGeomorphology
942 _hU21, K9
_cGB
_2CC
999 _c585067
_d585067